| 000 | 00453cam a2200169ua 4500 | ||
|---|---|---|---|
| 003 | OSt | ||
| 008 | 241029b |||||||| |||| 00| 0 eng d | ||
| 020 | _a8174090401 | ||
| 082 |
_a621.47 _bRAO/EN |
||
| 100 |
_aRao, S; . _96331 |
||
| 245 | _aEnergy technology: Non conventional, Renewable and conventional / | ||
| 250 | _a3 / | ||
| 260 |
_aDelhi : _bKhanna publishers , _c2005. |
||
| 300 | _a ; . | ||
| 700 | 1 |
_aParulekar, B.B . _96332 |
|
| 942 | _cBK | ||
| 999 |
_c12953 _d12953 |
||